The authority of Scripture in Reformed theology (Record no. 240830)
[ view plain ]
| 000 -LEADER | |
|---|---|
| fixed length control field | 01600nam a2200361 a 4500 |
| 100 1# - MAIN ENTRY--AUTHOR NAME | |
| Personal name | Belt, H. van den, |
| 245 14 - TITLE STATEMENT | |
| Title | The authority of Scripture in Reformed theology |
| 260 ## - PUBLICATION, DISTRIBUTION, ETC. (IMPRINT) | |
| Place of publication | Leiden ; |
| -- | Boston, Mass. : |
| Name of publisher | Brill, |
| Year of publication | 2008. |
| 300 ## - PHYSICAL DESCRIPTION | |
| Number of Pages | xiv, 384 p. |
| 490 1# - SERIES STATEMENT | |
| Series statement | Studies in Reformed theology, |
| 505 0# - FORMATTED CONTENTS NOTE | |
| Formatted contents note | Truth and certainty-- Calvin's Institutes -- Source and sense -- Reformed orthodoxy -- Benjamin B. Warfeld -- Herman Bavinck -- Trusting the truth. |
| 650 #0 - SUBJECT ADDED ENTRY--TOPICAL TERM | |
| Topical Term | Calvinism. |
| Topical Term | Reformed Church |
| 856 40 - ELECTRONIC LOCATION AND ACCESS | |
| Uniform Resource Identifier | http://site.ebrary.com/lib/rucke/Doc?id=10461357 |
No items available.
